| 000 | 00720nam a22002175a 4500 | ||
|---|---|---|---|
| 005 | 20150827110459.0 | ||
| 008 | 150702t2014 ii a fr 000 0 eng d | ||
| 020 | _a9789350251072 | ||
| 040 |
_aEG-ScBUE _beng _cEG-ScBUE |
||
| 082 | 0 | 4 |
_a615.1078 _bSIN _222 |
| 100 | 1 |
_aSindhu, Suyog _938397 |
|
| 245 | 1 | 0 |
_aLearning practical pharmacology / _cSuyog Sindhu. _b |
| 260 |
_aNew Delhi : _bJaypee Brother Medical Publishers / The Health Sciences Publishers, _cc.2014. |
||
| 300 |
_ax, 252 p. : _bill. ; _c24 cm. |
||
| 521 | _aFor undergraduates. | ||
| 650 | 0 |
_aPharmacology _xExperiments. _2BUEsh |
|
| 651 | _2BUEsh | ||
| 653 |
_bPPhrm _cJuly2015 _cAugust2015 |
||
| 655 |
_vreading book _934232 |
||
| 942 |
_2ddc _k615.1078 SIN |
||
| 999 |
_c20127 _d20099 |
||